000 00799nam a2200253 a 4500
001 000044632
003 DO-SdBNP
005 20220817091950.0
007 ta
008 141210s2014 dr 000 0 spa d
020 _a9789945475906
040 _aDO-SdBNP
_bspa
_cBNPHU
082 4 _aRD863.44
_bD542i
_222
100 1 _aDíaz Guerra, Eduardo,
_d1954-
_924872
245 1 0 _aInocente mariposa /
_cEduardo Enrique Díaz Guerra.
260 _aSanto Domingo :
_bEdiciones Ferilibro,
_c2014.
300 _a525 p. ;
_c23 cm.
500 _aIncluye refencias bibliográficas y notas al pie de las páginas
500 _aIncluye datos biográficos del autor en las solapas
590 _ainventariado, 2022/BT
650 4 _aCuentos dominicanos
650 4 _aLiteratura dominicana
942 _2ddc
_cLBS1
999 _c44121
_d44121